Kpop - Choix de Tuiles - Statistiques

Statistiques générales
  • Ce quiz a été pris 389 fois
  • Le résultat moyen est 32 sur 48
Statistiques - réponses
Question Tuile Select % Correct
Groupes de ACTUELLEMENT en contrat avec YG Entertainement Twice Non
96%
Groupes de ACTUELLEMENT en contrat avec YG Entertainement BtoB Non
95%
Groupes de ACTUELLEMENT en contrat avec YG Entertainement (G)-Idle Non
94%
Groupes de ACTUELLEMENT en contrat avec YG Entertainement SHINee Non
93%
Groupes de la 2ème générations aespa Non
91%
Groupes de ACTUELLEMENT en contrat avec YG Entertainement Monsta X Non
91%
Groupes ayant DÉBUTÉ avec 6 membres ZeroBaseOne Non
87%
Groupes de ACTUELLEMENT en contrat avec YG Entertainement Blackpink Oui
86%
Groupes de la 2ème générations The Boys Non
85%
Groupes ayant DÉBUTÉ avec 6 membres Ateez Non
84%
Groupes de ACTUELLEMENT en contrat avec YG Entertainement Babymonster Oui
84%
Groupes de la 2ème générations Red Velvet Non
82%
Groupes de la 2ème générations Girl's Generation Oui
81%
Groupes ayant DÉBUTÉ avec 6 membres Itzy Non
81%
Groupes ayant DÉBUTÉ avec 6 membres I-dle Oui
80%
Idols né.e.s en 1997 Lee Know - Stray Kids Non
80%
Groupes de la 2ème générations BigBang Oui
79%
Idols né.e.s en 1997 Seonghwa - Ateez Non
79%
Groupes ayant DÉBUTÉ avec 6 membres Young Posse Non
79%
Idols né.e.s en 1997 Jisoo - Blackpink Non
78%
Groupes ayant DÉBUTÉ avec 6 membres Le Sserafim Oui
77%
Idols né.e.s en 1997 Seungkwan - Seventeen Non
76%
Groupes de la 2ème générations SHINee Oui
75%
Groupes de ACTUELLEMENT en contrat avec YG Entertainement Treasure Oui
75%
Idols né.e.s en 1997 Jungkook - BTS Oui
73%
Idols né.e.s en 1997 V - BTS Non
73%
Groupes ayant DÉBUTÉ avec 6 membres Monsta X Non
72%
Groupes ayant DÉBUTÉ avec 6 membres IKON Non
71%
Groupes de la 2ème générations Brown Eyed Girls Oui
59%
Groupes de la 2ème générations TVXQ Oui
59%
Groupes de ACTUELLEMENT en contrat avec YG Entertainement BigBang Oui
58%
Groupes de la 2ème générations NU'EST Non
57%
Groupes de ACTUELLEMENT en contrat avec YG Entertainement IKON Non
56%
Idols né.e.s en 1997 BamBam - GOT7 Oui
53%
Groupes de la 2ème générations Exid Non
51%
Idols né.e.s en 1997 Rosé - Blackpink Oui
49%
Groupes ayant DÉBUTÉ avec 6 membres STAYC Oui
48%
Groupes de la 2ème générations BtoB Non
47%
Groupes de la 2ème générations Epik High Oui
45%
Idols né.e.s en 1997 DK - Seventeen Oui
43%
Idols né.e.s en 1997 Jihyo - Twice Oui
43%
Groupes de ACTUELLEMENT en contrat avec YG Entertainement Akmu Oui
42%
Groupes ayant DÉBUTÉ avec 6 membres Everglow Oui
42%
Groupes ayant DÉBUTÉ avec 6 membres P1Harmony Oui
42%
Groupes de ACTUELLEMENT en contrat avec YG Entertainement Winner Oui
40%
Idols né.e.s en 1997 Miyeon - I-dle Oui
36%
Groupes ayant DÉBUTÉ avec 6 membres Nmixx Oui
31%
Idols né.e.s en 1997 Yoohyeon - Dreamcatcher Oui
14%
Aucun quiz correspondant
Distribution des résultats
% des personnes avec chaque résultat
Percentile par nombre de réponses
Votre historique - résultats
Vous n’avez pas pris ce quiz